Deutsche Städte nach Luftbild - Statistiken

Allgemein
  • Dieses Quiz wurde 152 mal gespielt
  • Das Durchschnittsergebnis liegt bei 5 aus 12
Antwortstatistiken
Bildquiz Antwort % Korrekt
Rostock
73%
Berlin
67%
Köln
48%
München
46%
Duisburg
42%
Düsseldorf
41%
Dresden
34%
Mannheim
31%
Mainz
28%
Dortmund
27%
Freiburg
23%
Münster
22%
Keine übereinstimmenden Quizze gefunden
Verteilung der Resultate
Anzahl Personen mit jedem Resultat
Perzentil nach korrekt beantworteten Fragen
Ihre Resultats-Entwicklung
Sie haben dieses Quiz noch nicht gespielt